| 000 | 00949nam a2200253Ia 4500 | ||
|---|---|---|---|
| 003 | GCL | ||
| 008 | 140319s9999 xx 000 0 ara d | ||
| 020 | _a4811299953 | ||
| 040 |
_aGCL / _cGCL |
||
| 082 | 0 | 4 |
_a327.16 _bس ح |
| 100 | 1 | _aرضوان زيادة | |
| 245 | 1 | 0 |
_aحقيقة كامب ديفيد : _bالوقائع الخفية لانهيار عملية السلام فى الشرق الأوسط / _cرضوان زيادة |
| 700 | 1 | _aسويشر، كلايتون | |
| 700 | 1 | _aصفوان عكاش | |
| 250 | _aالاولى | ||
| 260 |
_aبيروت : _bالدار العربية للعلوم ، _c2006 |
||
| 300 |
_a439 ص ؛ _c24 سم |
||
| 650 | 0 | 4 | _aالنزاع العربى الاسرائيلى |
| 650 | 0 | 4 | _aاتفاقيات كامب ديفيد |
| 650 | 0 | 4 | _aالحرب والسلام |
| 650 | 0 | 4 | _aالمنازعات الدولية |
| 650 | 0 | 4 | _aالشرق الاوسط - الاحوال السياسية |
| 942 |
_2ddc _cBK |
||
| 999 |
_c9452 _d9452 |
||